[Event "Samara-ch Rating"]
[Site "Samara"]
[Date "2007.03.16"]
[Round "11"]
[White "Kadiayev, Andrei"]
[Black "Galkin, Roman"]
[Result "1/2-1/2"]
[WhiteElo "1940"]
[BlackElo "1910"]
[PlyCount "70"]
[EventDate "2007.02.02"]
[EventType "tourn"]
[EventRounds "11"]
[EventCountry "RUS"]
[SourceTitle "EXT 2022"]
[Source "ChessBase"]
[SourceDate "2021.10.06"]
[SourceVersion "1"]
[SourceVersionDate "2021.10.06"]
[SourceQuality "1"]

1. d4 Nf6 2. Bg5 Ne4 3. Bf4 c5 4. f3 Qa5+ 5. c3 Nf6 6. Nd2 cxd4 7. Nb3 Qb6 8. Qxd4 Qxd4 9. Nxd4 d5 10. g4 h6 11. h4 Bd7 12. Rd1 e6 13. Nh3 Na6 14. e3 Bc5 15. Bd3 Ke7 16. Kf2 Rac8 17. Be5 Ne8 18. g5 f6 19. Bg3 hxg5 20. hxg5 Bxd4 21. exd4 e5 22. gxf6+ gxf6 23. Kg2 Bxh3+ 24. Rxh3 Rxh3 25. Kxh3 exd4 26. Bxa6 bxa6 27. Rxd4 Ke6 28. Ra4 Rc6 29. Bf2 Nd6 30. Bxa7 Nc4 31. Rb4 Kf5 32. Kg3 Ne5 33. Rb6 Rxb6 34. Bxb6 Nc4 35. Bd4 Nxb2 1/2-1/2